000 00831cam a2200253 a 4500
005 20250214063749.0
008 190403s2001 mx a br 000 j spa d
035 _aUPN01000230024
040 _aMX-MxUPN
_bspa
041 _anai
050 4 _aPM4546
_bB333 2001
245 0 0 _aBa da'o ka' lla'a lyi'xe =
_banimales silvestres : zapoteco de Yalálag y español
250 _aPrimera edición
260 _aMéxico, D.F. :
_bInstituto Lingüístico de Verano,
_c2001.
300 _a32 páginas :
_bilustraciones
650 4 _aZapoteco
_xEstudio y enseñanza
_924378
650 7 _949338
_aZapoteco
_xPalabras y frases
650 7 _949394
_aAnimales salvajes
700 1 _949393
_aLópez Lorenzo, Filemón
_eredacción
902 _bVíctorGodínez/150623
905 _aFolleto
942 _2lcc
_cFOLL
999 _c202119
_d202119